00428 2200169 4500001002100000008004100021035002000062245003600082250001000118260003100128300001500159020001500174084001600189082001600205650002600221990001100247INLIS000000000001141 ind  a0010-0722000690 aRiuhnya Persimpngan ItucAntoni aCet.1 aSolobTiga Serangkaic2004 a336c21 cm a9796685272 a380.3 ANT r a380.3 ANT r aPengajaran Pendidikan aDI.362